[Event "Bymesterskapet i Tromsø 2024"]
[Site "Tromsø Sjakklubb"]
[Date "2024.02.15"]
[Round "1"]
[White "Halvorsen, Benjamin"]
[Black "Røyset, Pål Nikolai"]
[Result "0-1"]
[WhiteElo "1764"]
[BlackElo "2099"]
[PlyCount "94"]
[EventDate "2024.??.??"]

1. e4 c5 2. Nf3 d6 3. d4 cxd4 4. Nxd4 Nf6 5. Nc3 a6 6. Bg5 e6 7. f4 h6 8. Bh4
Be7 9. Qf3 Qc7 10. O-O-O Nbd7 11. g4 g5 12. fxg5 Ne5 13. Qg3 hxg5 14. Bxg5
Nfxg4 15. Bxe7 Qxe7 16. Be2 Bd7 17. Nf3 Nxf3 18. Bxf3 Ne5 19. Be2 Bc6 20. h4
O-O-O 21. Rd4 Qf6 22. h5 Rhg8 23. Qe3 Qg5 24. Qxg5 Rxg5 25. Rhd1 Kc7 26. a4 Rg2
27. b3 Rh2 28. R1d2 Rg8 29. Rxd6 Rg3 30. Kb2 Rgg2 31. Kc1 Rg1+ 32. Kb2 Re1 33.
R6d4 Be8 34. Bd1 Rh3 35. b4 Ree3 36. Nb1 Bxa4 37. Be2 Be8 38. Nc3 Rxc3 39. Bf1
Nc6 40. Bxh3 Rxh3 41. R4d3 Rxh5 42. Kb3 Rb5 43. c3 Na5+ 44. Kc2 Nc4 45. Rh2 Re5
46. Rh8 Ba4+ 47. Kc1 Rxe4 0-1

[Event "Bymesterskapet i Tromsø 2024"]
[Site "Tromsø Sjakklubb"]
[Date "2024.02.15"]
[Round "1"]
[White "Tørfoss, Sivert Schanche"]
[Black "Mikalsen, Bengt Arne"]
[Result "1-0"]
[WhiteElo "2032"]
[BlackElo "1753"]
[PlyCount "57"]
[EventDate "2024.??.??"]

1. Nf3 Nf6 2. c4 c5 3. Nc3 Nc6 4. g3 g6 5. Bg2 Bg7 6. d4 cxd4 7. Nxd4 O-O 8.
O-O Qb6 9. Nb3 d6 10. Bg5 Qd8 11. Qd2 Ne5 12. Qf4 Rb8 13. c5 Nh5 14. Qh4 f6 15.
Bc1 f5 16. Rd1 f4 17. Nd5 fxg3 18. hxg3 Nf6 19. cxd6 exd6 20. Bg5 Be6 21. Nd4
Bc8 22. Rac1 Ned7 23. Ne6 Qe8 24. Nxf8 Qxf8 25. Rc7 h6 26. Nxf6+ Bxf6 27. Bd5+
Kh8 28. Bxf6+ Nxf6 29. Rf7 1-0

[Event "Bymesterskapet i Tromsø 2024"]
[Site "Tromsø Sjakklubb"]
[Date "2024.02.15"]
[Round "1"]
[White "Hegelund, Ole Jakob"]
[Black "Valvåg, Torbjørn"]
[Result "0-1"]
[WhiteElo "1739"]
[BlackElo "1951"]
[PlyCount "172"]
[EventDate "2024.??.??"]

1. c4 c5 2. Nc3 Nc6 3. g3 g6 4. Bg2 Bg7 5. Nf3 d6 6. d3 Bf5 7. O-O Qd7 8. Nd5
Nf6 9. Re1 O-O 10. Qb3 Rab8 11. Bd2 Bh3 12. Bh1 Nxd5 13. cxd5 Nd4 14. Nxd4 cxd4
15. Rac1 h5 16. Rc2 h4 17. Rec1 hxg3 18. hxg3 Rfc8 19. Rxc8+ Rxc8 20. Rxc8+
Qxc8 21. Qc4 Qxc4 22. dxc4 d3 23. exd3 Bxb2 24. Bg2 Bd7 25. Kf1 Ba4 26. Ke2 Ba3
27. Be3 b6 28. Kd2 Bb4+ 29. Kc1 Bc3 30. Bf3 Kf8 31. Bd1 Bd7 32. Kc2 Bb4 33. Kb3
Be1 34. Bf3 Ke8 35. Bd4 Kd8 36. Be3 Kc7 37. d4 b5 38. c5 a5 39. Be2 a4+ 40. Kc2
b4 41. Bd3 Bg4 42. Bb5 Bf5+ 43. Kc1 b3 44. Kb2 bxa2 45. Kxa2 Bc2 46. Ka3 Bb3
47. Bc6 f6 48. Be8 g5 49. Bxa4 Bxd5 50. Bb3 Bxb3 51. Kxb3 dxc5 52. dxc5 Kc6 53.
Kc4 e5 54. f4 exf4 55. gxf4 g4 56. f5 g3 57. Kd3 Bf2 58. Ke2 Bxe3 59. Kxe3 Kxc5
60. Kf3 Kd5 61. Kxg3 Ke4 62. Kg4 Ke3 63. Kg3 Ke4 64. Kg4 Ke5 65. Kg3 Kxf5 66.
Kf3 Kg5 67. Kg3 f5 68. Kg2 Kg4 69. Kf2 Kf4 70. Kg2 Ke3 71. Kf1 Kf3 72. Kg1 Ke2
73. Kg2 f4 74. Kg1 f3 75. Kh1 f2 76. Kh2 f1=Q 77. Kg3 Qf3+ 78. Kh4 Qg2 79. Kh5
Qg3 80. Kh6 Qg4 81. Kh7 Qg5 82. Kh8 Kf3 83. Kh7 Kf4 84. Kh8 Kf5 85. Kh7 Kf6 86.
Kh8 Qg7# 0-1

[Event "Bymesterskapet i Tromsø 2024"]
[Site "Tromsø Sjakklubb"]
[Date "2024.02.15"]
[Round "1"]
[White "Remman, Frank"]
[Black "Gulljord, Birk"]
[Result "1/2-1/2"]
[WhiteElo "1790"]
[BlackElo "1702"]
[PlyCount "73"]
[EventDate "2024.??.??"]

1. d4 Nf6 2. c4 b6 3. Nc3 Bb7 4. f3 e6 5. e4 Bb4 6. Qc2 c5 7. d5 d6 8. Bd3
Bxc3+ 9. Qxc3 Nbd7 10. Ne2 O-O 11. O-O Ne5 12. Bc2 Ba6 13. b3 exd5 14. exd5
Nxd5 15. Qd2 Nf6 16. Rd1 d5 17. cxd5 Re8 18. Nc3 Qd6 19. Qg5 Ng6 20. Bxg6 hxg6
21. Bf4 Qd8 22. h4 Nh5 23. Qxd8 Rexd8 24. Bh2 Nf6 25. Rd2 Rd7 26. Rad1 Re8 27.
Kf2 Bb7 28. d6 Bc6 29. Nb1 Re6 30. Na3 Ne8 31. Nc4 f6 32. Ne3 Kf7 33. g4 Bb7
34. Ng2 Bc6 35. Ne3 Bb7 36. Bg3 Bc6 37. Bh2 1/2-1/2

[Event "Bymesterskapet i Tromsø 2024"]
[Site "Tromsø Sjakklubb"]
[Date "2024.02.16"]
[Round "2"]
[White "Røyset, Pål Nikolai"]
[Black "Høifødt, Jakob Sælen"]
[Result "1/2-1/2"]
[WhiteElo "2099"]
[BlackElo "1366"]
[PlyCount "58"]
[EventDate "2024.??.??"]

1. d4 d5 2. Nf3 e6 3. Bg5 Be7 4. Bxe7 Qxe7 5. Nbd2 Nf6 6. c4 O-O 7. e3 Nbd7 8.
cxd5 exd5 9. Rc1 c6 10. Qc2 Re8 11. Bd3 Nf8 12. O-O Bg4 13. Ne5 Bh5 14. h3 N6d7
15. Nxd7 Qxd7 16. Bf5 Qe7 17. Rfe1 Bg6 18. Nf3 Bxf5 19. Qxf5 Qe6 20. Qxe6 Nxe6
21. Ne5 f6 22. Nd3 Re7 23. f3 Rae8 24. Kf2 f5 25. g4 fxg4 26. hxg4 Ng5 27. Ne5
Nf7 28. Nd3 Ng5 29. Ne5 Nf7 1/2-1/2

[Event "Bymesterskapet i Tromsø 2024"]
[Site "Tromsø Sjakklubb"]
[Date "2024.02.16"]
[Round "2"]
[White "Valvåg, Torbjørn"]
[Black "Tørfoss, Sivert Schanche"]
[Result "1/2-1/2"]
[WhiteElo "1951"]
[BlackElo "2032"]
[PlyCount "50"]
[EventDate "2024.??.??"]

1. e4 e5 2. Nf3 Nc6 3. Bb5 a6 4. Ba4 Nf6 5. O-O Be7 6. Re1 b5 7. Bb3 O-O 8. c3
d5 9. exd5 Nxd5 10. Nxe5 Nxe5 11. Rxe5 c6 12. Re1 Bd6 13. d3 Bf5 14. Qf3 Qh4
15. g3 Qh3 16. Be3 Bxd3 17. Bd4 Bf5 18. Bxd5 cxd5 19. Qxd5 Rad8 20. Qg2 Qh5 21.
Nd2 Bh3 22. Qf3 Bg4 23. Qg2 Bh3 24. Qf3 Bg4 25. Qg2 Bh3 1/2-1/2

[Event "Bymesterskapet i Tromsø 2024"]
[Site "Tromsø Sjakklubb"]
[Date "2024.02.16"]
[Round "2"]
[White "Rostad, Birk Sæther"]
[Black "Remman, Frank"]
[Result "0-1"]
[WhiteElo "1923"]
[BlackElo "1790"]
[PlyCount "92"]
[EventDate "2024.??.??"]

1. e4 c5 2. Nf3 e6 3. d4 cxd4 4. Nxd4 Nc6 5. Nc3 Qc7 6. Be3 a6 7. Qd2 Nf6 8. f3
Be7 9. g4 Nxd4 10. Bxd4 b5 11. O-O-O Bb7 12. Kb1 Rc8 13. h4 b4 14. Ne2 Nxe4 15.
Qd3 Nf6 16. Bg2 O-O 17. b3 a5 18. h5 Ne8 19. Rhg1 Bc5 20. Bxc5 Qxc5 21. f4 Bxg2
22. Rxg2 d5 23. g5 Nd6 24. g6 fxg6 25. hxg6 h6 26. Nd4 Rf6 27. Qh3 Re8 28. Qg4
a4 29. Rh2 a3 30. Rd3 Nf5 31. Nxf5 exf5 32. Qd1 Rxg6 33. Rh1 d4 34. Qd2 Rd8 35.
Rd1 Rgd6 36. Kc1 Rd5 37. Qe1 Qd6 38. Qd2 Kh7 39. Re1 Rd7 40. Rd1 Kh8 41. Re1
Kh7 42. Rd1 Qc5 43. Rg1 R5d6 44. Rd1 Re6 45. Rg1 Qe7 46. Rd1 Re2 0-1

[Event "Bymesterskapet i Tromsø 2024"]
[Site "Tromsø Sjakklubb"]
[Date "2024.02.16"]
[Round "2"]
[White "Gulljord, Birk"]
[Black "Halvorsen, Benjamin"]
[Result "1-0"]
[WhiteElo "1702"]
[BlackElo "1764"]
[PlyCount "67"]
[EventDate "2024.??.??"]

1. d4 Nf6 2. c4 c5 3. d5 e6 4. Nc3 exd5 5. cxd5 d6 6. Nf3 g6 7. e4 Bg7 8. Be2
O-O 9. O-O a6 10. a4 Ne8 11. Ra3 f5 12. exf5 Bxf5 13. Ng5 Nc7 14. Bd3 Nd7 15.
Bxf5 Rxf5 16. Nce4 Nf6 17. Qb3 Nxe4 18. Nxe4 b5 19. Rd1 c4 20. Qb4 Rxd5 21.
Rxd5 Nxd5 22. Qd2 Nf6 23. Nxf6+ Bxf6 24. Qd5+ Kg7 25. axb5 a5 26. b6 Rb8 27.
Be3 Bxb2 28. Rxa5 Qf6 29. Ra7+ Kh8 30. b7 Qg7 31. Ra8 Qc7 32. Rxb8+ Qxb8 33.
Qc6 Qa7 34. Bxa7 1-0

[Event "Bymesterskapet i Tromsø 2024"]
[Site "Tromsø Sjakklubb"]
[Date "2024.02.17"]
[Round "3"]
[White "Remman, Frank"]
[Black "Røyset, Pål Nikolai"]
[Result "1-0"]
[WhiteElo "1790"]
[BlackElo "2099"]
[PlyCount "113"]
[EventDate "2024.??.??"]

1. d4 d5 2. c4 e6 3. g3 dxc4 4. Bg2 Bb4+ 5. Nc3 Ne7 6. Nf3 Nbc6 7. O-O O-O 8.
e3 Rb8 9. Qc2 Bd7 10. Rd1 Bd6 11. Nb5 Na5 12. Bd2 Bxb5 13. Bxa5 Nc6 14. Bc3 Qe7
15. d5 Nb4 16. Bxb4 Bxb4 17. Nd4 Ba6 18. dxe6 fxe6 19. Nxe6 Rf6 20. Nf4 c6 21.
a3 Bc5 22. Rd2 Rd8 23. Rxd8+ Qxd8 24. Rd1 Rd6 25. Rxd6 Qxd6 26. Bh3 c3 27. Be6+
Kh8 28. bxc3 Bxa3 29. c4 Qe5 30. Qd3 Qa1+ 31. Kg2 Qf6 32. Qxa3 g6 33. Qd6 Kg7
34. Qd4 b6 35. h4 Qxd4 36. exd4 Kf6 37. Kf3 h6 38. Bd7 Bxc4 39. Bxc6 b5 40. Ke4
a5 41. Nd5+ Kf7 42. Nc3 b4 43. Na4 Ke6 44. d5+ Kd6 45. Kd4 Ba2 46. Nb6 b3 47.
Na4 g5 48. hxg5 hxg5 49. Kc3 b2 50. Nxb2 Bxd5 51. Bxd5 Kxd5 52. Kd3 Kc5 53. f3
Kb4 54. Kd4 Kb3 55. Nc4 a4 56. f4 gxf4 57. gxf4 1-0

[Event "Bymesterskapet i Tromsø 2024"]
[Site "Tromsø Sjakklubb"]
[Date "2024.02.17"]
[Round "3"]
[White "Tørfoss, Sivert Schanche"]
[Black "Gulljord, Birk"]
[Result "1-0"]
[WhiteElo "2032"]
[BlackElo "1702"]
[PlyCount "69"]
[EventDate "2024.??.??"]

1. Nf3 d5 2. e3 Nf6 3. c4 c6 4. Nc3 g6 5. b3 Bg7 6. Bb2 O-O 7. Be2 Bf5 8. Nh4
Bd7 9. d4 a5 10. O-O Na6 11. Rc1 Nc7 12. Na4 Ne6 13. c5 Nc7 14. Nf3 Ne4 15. Nd2
h5 16. f3 Ng5 17. f4 Ne4 18. Bd3 Bf5 19. Nxe4 Bxe4 20. Bc3 Ra7 21. Qd2 Bxd3 22.
Qxd3 Na8 23. f5 g5 24. Qe2 h4 25. Qg4 Bf6 26. Be1 Kh7 27. g3 hxg3 28. Bxg3 Rh8
29. Be5 Bxe5 30. dxe5 f6 31. h4 Rg8 32. Qh5+ Kg7 33. hxg5 fxg5 34. f6+ exf6 35.
Rxf6 1-0

[Event "Bymesterskapet i Tromsø 2024"]
[Site "Tromsø Sjakklubb"]
[Date "2024.02.17"]
[Round "3"]
[White "Høifødt, Jakob Sælen"]
[Black "Valvåg, Torbjørn"]
[Result "0-1"]
[WhiteElo "1366"]
[BlackElo "1951"]
[PlyCount "90"]
[EventDate "2024.??.??"]

1. d4 d5 2. Bf4 c5 3. e3 cxd4 4. exd4 Nc6 5. c3 f6 6. Nf3 g5 7. Bg3 Bf5 8. Bd3
e6 9. Qe2 Kf7 10. Nbd2 h5 11. h4 g4 12. Nh2 Nh6 13. Nhf1 Bxd3 14. Qxd3 Nf5 15.
Bf4 Bd6 16. Bxd6 Qxd6 17. Ne3 Nce7 18. Nxf5 Nxf5 19. Nf1 b5 20. Ng3 Nxg3 21.
Qxg3 Qxg3 22. fxg3 a5 23. a4 e5 24. dxe5 fxe5 25. Ke2 b4 26. Rac1 bxc3 27. bxc3
Rhc8 28. Rhd1 Ke6 29. Rd3 Rc4 30. Rcd1 Re4+ 31. Kf2 Rf8+ 32. Kg1 Rd8 33. Ra1
Rc4 34. Kh2 Rdc8 35. Rad1 R8c5 36. Rb1 e4 37. Rdd1 Rxc3 38. Rf1 e3 39. Rb8 d4
40. Rff8 Kd5 41. Rbd8+ Kc4 42. Rf4 Rd5 43. Rc8+ Kd3 44. Re8 Rc2 45. Rfe4 Ra2
0-1

[Event "Bymesterskapet i Tromsø 2024"]
[Site "Tromsø Sjakklubb"]
[Date "2024.02.17"]
[Round "3"]
[White "Hegelund, Ole Jakob"]
[Black "Rostad, Birk Sæther"]
[Result "0-1"]
[WhiteElo "1739"]
[BlackElo "1923"]
[PlyCount "72"]
[EventDate "2024.??.??"]

1. c4 e5 2. Nc3 Nc6 3. g3 Bb4 4. Bg2 d6 5. a3 Bxc3 6. dxc3 Be6 7. c5 dxc5 8.
Qa4 Bd5 9. e4 Be6 10. Be3 Nge7 11. Rd1 Qc8 12. Bxc5 O-O 13. Nf3 f6 14. O-O b6
15. Be3 Na5 16. Nd2 Rd8 17. b4 Nb7 18. c4 c5 19. Qc2 Nc6 20. f4 cxb4 21. fxe5
fxe5 22. Nf3 bxa3 23. Qc3 Qc7 24. Ng5 Bg4 25. Rxd8+ Rxd8 26. Qxa3 h6 27. Nf7
Re8 28. c5 b5 29. Nd6 Nxd6 30. cxd6 Qb7 31. Rc1 b4 32. Qa4 Bd7 33. Bf1 Nd4 34.
Bc4+ Kh8 35. Bd5 Bxa4 36. Bxb7 Ne2+ 0-1

[Event "Bymesterskapet i Tromsø 2024"]
[Site "Tromsø Sjakklubb"]
[Date "2024.02.17"]
[Round "3"]
[White "Halvorsen, Benjamin"]
[Black "Mikalsen, Bengt Arne"]
[Result "1-0"]
[WhiteElo "1764"]
[BlackElo "1753"]
[PlyCount "59"]
[EventDate "2024.??.??"]

1. e4 e5 2. Bc4 Bc5 3. Nf3 Nc6 4. c3 Nf6 5. d3 h6 6. O-O O-O 7. Nbd2 a6 8. Bb3
d6 9. h3 b5 10. Re1 Be6 11. Bc2 Ba7 12. Nf1 Qc8 13. Ng3 Nh7 14. Nh4 b4 15. Nhf5
Kh8 16. d4 bxc3 17. bxc3 Qd8 18. Be3 Ne7 19. dxe5 Bxe3 20. Rxe3 Nxf5 21. exf5
Bc4 22. Qg4 Bb5 23. Rd1 Rg8 24. Ne4 d5 25. Bb3 Qe7 26. Bxd5 Rad8 27. Ng3 c6 28.
Bb3 Rxd1+ 29. Qxd1 Rd8 30. Qh5 1-0

[Event "Bymesterskapet i Tromsø 2024"]
[Site "Tromsø Sjakklubb"]
[Date "2024.02.17"]
[Round "4"]
[White "Røyset, Pål Nikolai"]
[Black "Tørfoss, Sivert Schanche"]
[Result "1-0"]
[WhiteElo "2099"]
[BlackElo "2032"]
[PlyCount "141"]
[EventDate "2024.??.??"]

1. e4 e5 2. Nc3 Nf6 3. g3 Bc5 4. Bg2 a6 5. Nf3 d6 6. d4 exd4 7. Nxd4 O-O 8. O-O
Re8 9. Re1 Ng4 10. Re2 Ne5 11. Nf5 Nbc6 12. Nd5 Bxf5 13. exf5 Nd4 14. Re4 Nxf5
15. b4 Ba7 16. Qh5 g6 17. Qg5 h6 18. Qxd8 Rexd8 19. g4 Nd4 20. Bxh6 f5 21. gxf5
gxf5 22. Rxd4 Bxd4 23. Rf1 Kf7 24. Nxc7 Rac8 25. Bd5+ Kg6 26. Ne6 Kxh6 27. Nxd4
Rf8 28. Be6 Rce8 29. f4 Nc6 30. Nxf5+ Kg6 31. Nxd6 Rd8 32. Nxb7 Rd2 33. c3 Ne7
34. Nc5 Nf5 35. Rf2 Rd1+ 36. Rf1 Rd2 37. Ne4 Rc2 38. Rf2 Rc1+ 39. Kg2 Nh4+ 40.
Kh3 Rh8 41. Kg4 Rg1+ 42. Ng3 Kf6 43. Bc4 Nf5 44. Kf3 Nxg3 45. hxg3 Rc8 46. Bxa6
Rxc3+ 47. Ke4 Rgxg3 48. Re2 Rc6 49. Bb5 Rb6 50. a4 Rb3 51. Kd5 Rb8 52. Re4 Rb2
53. Kc5 Rh2 54. Bd7 Rc2+ 55. Rc4 Rd2 56. Bc6 Rh2 57. a5 Rh5+ 58. Kd6 Rc8 59. a6
Rhh8 60. b5 Rhd8+ 61. Kc5 Rd7 62. b6 Rh7 63. b7 Rd8 64. a7 Rh5+ 65. Kb6 Ke7 66.
b8=Q Re5 67. Qxe5+ Kf7 68. Bd5+ Kg6 69. f5+ Kg5 70. f6+ Kg6 71. Rg4+ 1-0

[Event "Bymesterskapet i Tromsø 2024"]
[Site "Tromsø Sjakklubb"]
[Date "2024.02.17"]
[Round "4"]
[White "Valvåg, Torbjørn"]
[Black "Remman, Frank"]
[Result "1-0"]
[WhiteElo "1951"]
[BlackElo "1790"]
[PlyCount "93"]
[EventDate "2024.??.??"]

1. e4 c5 2. Nf3 e6 3. d4 cxd4 4. Nxd4 Nc6 5. Nc3 Qc7 6. Be3 a6 7. Qd2 Nf6 8. f3
Be7 9. O-O-O b5 10. g4 Nxd4 11. Bxd4 Bb7 12. Kb1 Rc8 13. g5 Nh5 14. Be5 Qxe5
15. Qxd7+ Kf8 16. Qxb7 Qb8 17. Rd7 Qxb7 18. Rxb7 g6 19. a4 bxa4 20. Nxa4 a5 21.
Nb6 Rd8 22. Bb5 Bxg5 23. Nd7+ Kg7 24. c4 Rc8 25. Ne5 Rhf8 26. Rd1 Bf4 27. Nc6
Ra8 28. h3 Be3 29. Rdd7 Nf6 30. Rd3 Bc5 31. b3 Ne8 32. Nd8 Kg8 33. Bxe8 Rxe8
34. Nxf7 Re7 35. Rd8+ Rxd8 36. Nxd8 Rxb7 37. Nxb7 Bb4 38. Nd8 Kg7 39. Nxe6+ Kf6
40. Nf4 g5 41. Nd3 Bc3 42. Ka2 Kg6 43. Ka3 Kh5 44. c5 Bf6 45. c6 Bd8 46. Ka4
Kh4 47. e5 1-0

[Event "Bymesterskapet i Tromsø 2024"]
[Site "Tromsø Sjakklubb"]
[Date "2024.02.17"]
[Round "4"]
[White "Mikalsen, Bengt Arne"]
[Black "Rostad, Birk Sæther"]
[Result "0-1"]
[WhiteElo "1753"]
[BlackElo "1923"]
[PlyCount "90"]
[EventDate "2024.??.??"]

1. d4 d5 2. Nf3 Nf6 3. e3 c6 4. c4 e6 5. Be2 dxc4 6. Bxc4 b5 7. Bd3 Bb7 8. a4
a6 9. O-O Nbd7 10. Bd2 Bd6 11. axb5 cxb5 12. Qe2 O-O 13. Ba5 Qe7 14. Nbd2 Rac8
15. Ng5 h6 16. Nge4 Bb8 17. Rfc1 e5 18. Nxf6+ Nxf6 19. Rxc8 Rxc8 20. Bf5 Re8
21. Qd3 g6 22. Bh3 Qd6 23. g3 Qd5 24. f3 Ba7 25. Kf1 exd4 26. e4 Qh5 27. Kg2
Qc5 28. Kf2 Kg7 29. Kg2 Re5 30. Kg1 Qc6 31. Bb4 Bb6 32. Bf1 Qc7 33. Nb3 Re6 34.
Rc1 Rc6 35. Rxc6 Qxc6 36. Na5 Qc7 37. Nxb7 Qxb7 38. Bd2 Qc6 39. h4 Nd7 40. f4
Kh7 41. Kh2 Nc5 42. Qxd4 Nxe4 43. Qd3 Nf2 44. Bg2 Qxg2+ 45. Kxg2 Nxd3 0-1

[Event "Bymesterskapet i Tromsø 2024"]
[Site "Tromsø Sjakklubb"]
[Date "2024.02.17"]
[Round "4"]
[White "Hegelund, Ole Jakob"]
[Black "Halvorsen, Benjamin"]
[Result "1-0"]
[WhiteElo "1739"]
[BlackElo "1764"]
[PlyCount "59"]
[EventDate "2024.??.??"]

1. d4 Nf6 2. c4 e6 3. Nf3 d5 4. Nc3 Bb4 5. Qa4+ Nc6 6. Ne5 Bxc3+ 7. bxc3 Bd7 8.
Nxd7 Qxd7 9. Ba3 dxc4 10. Rb1 Nd5 11. Qxc4 Nb6 12. Qb3 Ne7 13. e4 O-O 14. Bb5
c6 15. Be2 Rfe8 16. O-O Ng6 17. f4 Qc7 18. g3 Rab8 19. Rf2 Nd7 20. f5 exf5 21.
Rxf5 Nf6 22. e5 Qd7 23. Rbf1 Nd5 24. Rxf7 Nge7 25. Bd6 Rbd8 26. Bc4 b5 27. Bxd5
cxd5 28. Qb4 a5 29. Qc5 Rf8 30. Qxd5 1-0

[Event "Bymesterskapet i Tromsø 2024"]
[Site "Tromsø Sjakklubb"]
[Date "2024.02.17"]
[Round "4"]
[White "Gulljord, Birk"]
[Black "Høifødt, Jakob Sælen"]
[Result "1-0"]
[WhiteElo "1702"]
[BlackElo "1366"]
[PlyCount "103"]
[EventDate "2024.??.??"]

1. d4 d5 2. Nf3 Nf6 3. c4 e6 4. g3 Be7 5. Bg2 O-O 6. O-O b6 7. cxd5 exd5 8. Nc3
Bb7 9. Bf4 c5 10. Rc1 Nbd7 11. Nb5 Bc6 12. Nd6 Nh5 13. Nf5 Nxf4 14. gxf4 Rc8
15. Ne5 Nxe5 16. dxe5 Re8 17. e4 d4 18. Qg4 g6 19. Bh3 Bxe4 20. Ng3 Bd5 21.
Qxc8 Qxc8 22. Bxc8 Rxc8 23. Rfd1 Rd8 24. a3 Bb3 25. Rd2 c4 26. Ne2 d3 27. Nc3
a6 28. Kg2 b5 29. Kf3 b4 30. axb4 Bxb4 31. Ke4 Kf8 32. f5 Ke7 33. f4 Ke8 34.
fxg6 hxg6 35. f5 a5 36. Rg1 gxf5+ 37. Kxf5 Ke7 38. h4 a4 39. Rc1 Bc2 40. Rcxc2
dxc2 41. Rxc2 a3 42. bxa3 Bxa3 43. Ne4 Rh8 44. Kg4 Ke6 45. Ng5+ Ke7 46. Rxc4
f5+ 47. Kg3 Bb2 48. Rc5 Bd4 49. Rc7+ Kd8 50. Ne6+ Ke8 51. Nxd4 f4+ 52. Kg4 1-0

[Event "Bymesterskapet i Tromsø 2024"]
[Site "Tromsø Sjakklubb"]
[Date "2024.02.18"]
[Round "5"]
[White "Røyset, Pål Nikolai"]
[Black "Hegelund, Ole Jakob"]
[Result "1-0"]
[WhiteElo "2099"]
[BlackElo "1739"]
[PlyCount "51"]
[EventDate "2024.??.??"]

1. e4 c5 2. c3 d5 3. exd5 Qxd5 4. d4 cxd4 5. cxd4 e5 6. Nf3 e4 7. Nc3 Bb4 8.
Ne5 Bxc3+ 9. bxc3 Be6 10. Bc4 Qd6 11. Qb3 Qb6 12. Bxe6 fxe6 13. Nc4 Qxb3 14.
axb3 Nc6 15. Nd6+ Ke7 16. Nxb7 Nf6 17. Ba3+ Kf7 18. O-O Rab8 19. Nd6+ Kg6 20.
b4 Rhd8 21. b5 Rxd6 22. Bxd6 Rxb5 23. Rfb1 Rd5 24. Bc5 e5 25. Ra6 Nd8 26. c4
1-0

[Event "Bymesterskapet i Tromsø 2024"]
[Site "Tromsø Sjakklubb"]
[Date "2024.02.18"]
[Round "5"]
[White "Tørfoss, Sivert Schanche"]
[Black "Remman, Frank"]
[Result "1-0"]
[WhiteElo "2032"]
[BlackElo "1790"]
[PlyCount "83"]
[EventDate "2024.??.??"]

1. Nf3 Nf6 2. c4 b6 3. g3 Bb7 4. Bg2 e6 5. O-O Be7 6. Nc3 O-O 7. d4 Ne4 8. Qc2
Nxc3 9. Qxc3 d6 10. Ne1 Bxg2 11. Nxg2 Nd7 12. Rd1 Qc8 13. e4 e5 14. dxe5 dxe5
15. Ne3 Re8 16. Nf5 Bf8 17. b3 f6 18. Qf3 Kh8 19. Be3 Nc5 20. Bxc5 Bxc5 21. Rd5
Qe6 22. Rad1 g6 23. Nh6 Bd4 24. Qg4 Kg7 25. Rd7+ Kh8 26. Rxc7 Qxg4 27. Nxg4 Rf8
28. Ne3 Kg8 29. Nc2 Rf7 30. Rc6 Rd8 31. Kg2 Kg7 32. b4 Rfd7 33. c5 bxc5 34.
bxc5 Bxf2 35. Rxd7+ Rxd7 36. Nb4 Rd2 37. Kf1 a5 38. Nd5 Rxa2 39. Rc8 Rc2 40. c6
Bd4 41. c7 a4 42. Ra8 1-0

[Event "Bymesterskapet i Tromsø 2024"]
[Site "Tromsø Sjakklubb"]
[Date "2024.02.18"]
[Round "5"]
[White "Rostad, Birk Sæther"]
[Black "Valvåg, Torbjørn"]
[Result "1/2-1/2"]
[WhiteElo "1923"]
[BlackElo "1951"]
[PlyCount "74"]
[EventDate "2024.??.??"]

1. d4 d5 2. Nc3 Nf6 3. Bf4 a6 4. e3 c5 5. dxc5 Nc6 6. a3 Bf5 7. Nf3 e6 8. b4
Be7 9. Bd3 Bg4 10. Be2 Nh5 11. Ne5 Nxf4 12. exf4 Bf5 13. Bd3 Bf6 14. Qe2 Bxd3
15. cxd3 Qb8 16. Rd1 Nd4 17. Qb2 Bxe5 18. fxe5 Qxe5+ 19. Kf1 Nb5 20. d4 Nxd4
21. Nxd5 O-O-O 22. Nb6+ Kb8 23. Nc4 Qf4 24. Nd6 Nf5 25. Qd2 Qxd2 26. Rxd2 Nxd6
27. cxd6 Rd7 28. Ke2 Rhd8 29. Rhd1 b6 30. Ke3 Kb7 31. Rd4 b5 32. Rh4 h6 33. Rg4
g5 34. Rgd4 Kc6 35. Rc1+ Kb6 36. Rcd1 Kc6 37. Rc1+ Kb6 1/2-1/2

[Event "Bymesterskapet i Tromsø 2024"]
[Site "Tromsø Sjakklubb"]
[Date "2024.02.18"]
[Round "5"]
[White "Høifødt, Jakob Sælen"]
[Black "Halvorsen, Benjamin"]
[Result "0-1"]
[WhiteElo "1366"]
[BlackElo "1764"]
[PlyCount "74"]
[EventDate "2024.??.??"]

1. d4 f5 2. Nf3 Nf6 3. Bf4 e6 4. c4 d5 5. e3 c6 6. Nc3 Be7 7. cxd5 exd5 8. a3
O-O 9. b4 Ne4 10. Nxe4 fxe4 11. Ne5 Nd7 12. Rc1 a5 13. Qb3 axb4 14. axb4 Qb6
15. Rb1 Rxf4 16. exf4 Qxd4 17. Nxd7 Bxd7 18. Be2 b5 19. O-O Ra4 20. Rfd1 Qxb4
21. Qc2 Qc5 22. Qxc5 Bxc5 23. Bxb5 Ra2 24. Bc4 Rxf2 25. Kh1 Bg4 26. Bxd5+ cxd5
27. Rxd5 Be7 28. h3 Be6 29. Re5 Kf7 30. Re1 Rxf4 31. g3 Rf6 32. R1xe4 Bd6 33.
Rh5 Bxg3 34. Kg2 Bd6 35. Rd4 h6 36. h4 Be7 37. Ra4 Bf5 0-1

[Event "Bymesterskapet i Tromsø 2024"]
[Site "Tromsø Sjakklubb"]
[Date "2024.02.18"]
[Round "5"]
[White "Mikalsen, Bengt Arne"]
[Black "Gulljord, Birk"]
[Result "1/2-1/2"]
[WhiteElo "1753"]
[BlackElo "1702"]
[PlyCount "110"]
[EventDate "2024.??.??"]

1. e4 c6 2. d4 d5 3. exd5 cxd5 4. Nf3 Nf6 5. Be2 Nc6 6. O-O Bf5 7. c3 e6 8. Bf4
Bd6 9. Bxd6 Qxd6 10. a4 O-O 11. Nh4 Bg6 12. Nxg6 hxg6 13. Nd2 Rfc8 14. a5 a6
15. Bd3 Qc7 16. Nb3 Ne8 17. Re1 Nd6 18. Qe2 Re8 19. f4 Nc4 20. Bxc4 dxc4 21.
Qxc4 Qxf4 22. Nc5 Rac8 23. Nxb7 Nxa5 24. Qxa6 Nxb7 25. Qxb7 Rb8 26. Qd7 Red8
27. Qe7 Rd5 28. Rf1 Qe3+ 29. Kh1 Rf5 30. Rxf5 gxf5 31. Qa3 Qd2 32. b4 Rc8 33.
Rc1 Kh7 34. h3 Ra8 35. Qxa8 Qxc1+ 36. Kh2 Qxc3 37. Qb7 Qxd4 38. Qxf7 Qd6+ 39.
Kh1 Kh6 40. Qb7 e5 41. b5 Qd1+ 42. Kh2 Qf1 43. Qc6+ Kh7 44. b6 Qf4+ 45. Kh1
Qf1+ 46. Kh2 Qf4+ 47. Kh1 e4 48. Qe8 Qf1+ 49. Kh2 Qf4+ 50. Kh1 e3 51. Qh5+ Kg8
52. Qe8+ Kh7 53. Qh5+ Kg8 54. Qe8+ Kh7 55. Qh5+ Kg8 1/2-1/2

[Event "Bymesterskapet i Tromsø 2024"]
[Site "Tromsø Sjakklubb"]
[Date "2024.02.18"]
[Round "6"]
[White "Valvåg, Torbjørn"]
[Black "Røyset, Pål Nikolai"]
[Result "1-0"]
[WhiteElo "1951"]
[BlackElo "2099"]
[PlyCount "101"]
[EventDate "2024.??.??"]

1. d4 c5 2. d5 e5 3. Nc3 d6 4. e4 Nf6 5. Be2 Be7 6. h3 O-O 7. Nf3 Na6 8. Be3
Nc7 9. a4 Rb8 10. Nd2 b6 11. Rb1 Nxe4 12. Ndxe4 f5 13. Bd3 fxe4 14. Bxe4 Ne8
15. O-O Nf6 16. Bd3 a6 17. Qe2 Ra8 18. f4 exf4 19. Rxf4 g6 20. Rbf1 Nh5 21.
Rxf8+ Bxf8 22. Qf3 Ra7 23. g4 Ng7 24. Ne4 Qe7 25. Bg5 Qf7 26. Nf6+ Kh8 27. Nxh7
Qxf3 28. Rxf3 Kxh7 29. Rxf8 c4 30. Bxc4 Rc7 31. Bd3 Bb7 32. Rf6 Bxd5 33. Bxg6+
Kg8 34. Rxd6 Bf7 35. Bxf7+ Kxf7 36. Rf6+ Kg8 37. Bh6 Ne8 38. Rf8+ Kh7 39. Rxe8
Kxh6 40. Re2 Kg5 41. Kg2 Kf4 42. c3 b5 43. axb5 axb5 44. Rd2 Ke3 45. Rd5 b4 46.
cxb4 Rc2+ 47. Kg3 Rxb2 48. b5 Rb1 49. Rf5 Ke4 50. Kh4 Rb3 51. Rf8 1-0

[Event "Bymesterskapet i Tromsø 2024"]
[Site "Tromsø Sjakklubb"]
[Date "2024.02.18"]
[Round "6"]
[White "Halvorsen, Benjamin"]
[Black "Tørfoss, Sivert Schanche"]
[Result "0-1"]
[WhiteElo "1764"]
[BlackElo "2032"]
[PlyCount "120"]
[EventDate "2024.??.??"]

1. e4 e5 2. Nf3 Nc6 3. Bc4 Bc5 4. c3 Nf6 5. d3 O-O 6. O-O d5 7. exd5 Nxd5 8.
Bg5 Be7 9. Bxe7 Ndxe7 10. Re1 Ng6 11. Bb5 Qd5 12. Bxc6 bxc6 13. Nbd2 Re8 14. d4
Bg4 15. Qc2 exd4 16. Nxd4 c5 17. N4b3 Nf4 18. Re4 Bf5 19. f3 Bxe4 20. Nxe4 Rad8
21. Qf2 c4 22. Nd4 c5 23. Nb5 f5 24. Nc7 Qd1+ 25. Qe1 Qxe1+ 26. Rxe1 fxe4 27.
Nxe8 Rxe8 28. fxe4 Nd3 29. Re3 Nxb2 30. e5 Nd3 31. e6 Nf4 32. e7 Ng6 33. Re4
Rxe7 34. Rxc4 Rc7 35. Kf2 Kf7 36. Ra4 Ke6 37. Ke3 Kd5 38. c4+ Ke5 39. g3 Ne7
40. Ra5 Kd6 41. Ra6+ Nc6 42. Ke4 Rf7 43. Ke3 Rf1 44. Ra4 Rb1 45. Ra3 Ne5 46.
Rxa7 Nxc4+ 47. Kd3 Ne5+ 48. Kc2 Rh1 49. h4 Nd7 50. Ra6+ Kd5 51. Ra7 Ne5 52.
Rxg7 Kc4 53. Kd2 Kd4 54. Rxh7 c4 55. Rh8 Rh2+ 56. Kd1 Nd3 57. Ra8 Kc3 58. Ra3+
Kb2 59. Ra8 c3 60. Rb8+ Ka1 0-1